000 01037nas a2200193 i 4500
001 768714001
003 CO-MdFUSB
005 20220926154630.0
008 220926s1965 ck ||||| |||| 00| 0 spa d
040 _bspa
_cCO-MdFUSB
_dCO-MdFUSB
041 _aspa
100 _aGutiérrez Ramírez, Javier,
_eautor
245 _aContraindicaciones médicas a la vocación.
_c/ Javier Gutiérrez Ramírez
300 _aNumero 15, (1965), páginas 43- 58
_c; 23 cm
520 _aEs necesario que aquellos a quienes se ordena, puedan mostrarse dignos delante de los fieles. Hay que eliminar del estado eclesiástico a quienes tuvieren algún impedimento, que aminore la dignidad de su persona. Para producir irregularidad en sentido estricto, la enfermedad debe ser incurable, dar al enfermo un aspecto repugnante o hacer imposible el ejercicio del ministerio sacerdotal.
650 7 _9312
_aVocación
773 0 _068207
_981326
_aSeminario Conciliar de Medellín,
_oR2113
_tRevista del Seminario Conciliar :
_w(CO-MdFUSB)768714001
942 _cANA
999 _c68211
_d68211